00422 2200157 4500245006200000020002200062250001000084100001900094650002800113005001900141260004100160041001400201084001300215300002700228336000900255 aSalat On Time, Karena Mati Any TimecSaepudin ZuhrihText a978-623-00-3339-1 aCet.1 aSaepudin Zuhri aReligion & Spirituality a20241017094505 aJakartabElex Media Komputindoc2022 aIndonesia a297.3822 aviii, 147 hlm :c21 cm atext